[Event "Challenge"]
[Site "http://www.queenalice.com/game.php?id=234984"]
[Date "2007.7.5"]
[Round "-"]
[White "mogerio"]
[Black "micose_kacinskas"]
[Result "0-1"]
[WhiteElo "1334"]
[BlackElo "1375"]

1. e4 Nf6 2. Nc3 d5 3. exd5 Nxd5 4. Nxd5 Qxd5 5. Nf3 Bf5 6. Nh4 e6 7. Bd3 Bc5 8.
O-O g5 9. Nf3 h6 10. Bb5+ c6 11. Be2 g4 12. Nh4 Rg8 13. Nxf5 exf5 14. h3 gxh3
15. Re1 Qxg2# 0-1

[Event "Challenge"]
[Site "http://www.queenalice.com/game.php?id=235735"]
[Date "2007.7.6"]
[Round "-"]
[White "micose_kacinskas"]
[Black "jahhaj"]
[Result "0-1"]
[WhiteElo "1408"]
[BlackElo "1500"]

1. e4 e6 2. d3 d5 3. Bf4 Nf6 4. Nc3 Bb4 5. a3 Bxc3+ 6. bxc3 dxe4 7. dxe4 Qxd1+
8. Rxd1 Nxe4 9. f3 Nxc3 10. Rd3 Nd5 11. c4 Nxf4 12. Re3 O-O 13. g3 Ng6 14. Bd3
Na6 15. Ne2 Nc5 16. h4 Rd8 17. Nc1 b6 18. Rh2 Ba6 19. h5 Ne5 20. Bc2 Nxc4 21.
Rc3 Ne5 22. f4 Ncd3+ 23. Kd1 Nb2+ 24. Ke1 Nbd3+ 25. Kd2 Nf3+ 26. Ke3 Nxh2 27.
Rxc7 Nxc1 28. Be4 Rac8 29. Rxa7 Ng4+ 30. Kf3 f5 31. Bc2 Rc3+ 32. Bd3 Rdxd3+ 33.
Kg2 Rc2+ 34. Kh3 Rh2# 0-1

[Event "Challenge"]
[Site "http://www.queenalice.com/game.php?id=235955"]
[Date "2007.7.7"]
[Round "-"]
[White "Augustodombosco"]
[Black "micose_kacinskas"]
[Result "0-1"]
[WhiteElo "1000"]
[BlackElo "1366"]

1. e4 e5 2. Nf3 Nc6 3. Bc4 Nf6 4. Nc3 Na5 5. d3 Bc5 6. Bg5 h6 7. Bh4 g5 8. Bg3
Ng4 9. Nxe5 Nxe5 10. Bxe5 f6 11. Qf3 Rf8 12. Bg3 Nc6 13. Nb5 d6 14. Qh5+ Kd7 15.
Qxh6 a6 16. Qg7+ Ne7 17. O-O-O axb5 18. Bxb5+ c6 19. Bc4 Rg8 20. Qf7 d5 21. exd5
cxd5 22. Bxd5 Qa5 23. Qe6+ Ke8 24. Qf7+ Kd8 25. Qxf6 Ra6 26. Qe5 Ng6 27. Qxg5+
Be7 28. Qh5 Rd6 29. c4 Bf6 30. Bxd6 Qxa2 31. Kd2 Qxb2+ 32. Ke1 Nf4 33. Qf7 Qe2#
0-1

[Event "Challenge"]
[Site "http://www.queenalice.com/game.php?id=236758"]
[Date "2007.7.9"]
[Round "-"]
[White "Mike36bh"]
[Black "micose_kacinskas"]
[Result "1-0"]
[WhiteElo "1677"]
[BlackElo "1369"]

1. e4 e5 2. f4 d6 3. Bc4 Nf6 4. d3 Bg4 5. Nf3 Bxf3 6. Qxf3 Nc6 7. Be3 Na5 8.
fxe5 dxe5 9. Nc3 c5 10. Nd5 Rc8 11. Bg5 Rc6 12. Bb5 h5 13. Bxc6+ Nxc6 14. Nxf6+
gxf6 15. Bxf6 Be7 16. Bxh8 Nd4 17. Qd1 Qa5+ 18. c3 Nb5 19. O-O Qa6 20. Qxh5 Qe6
21. Bxe5 Bd6 22. Qh8+ Kd7 23. Bxd6 Nxd6 24. Rad1 f6 25. Rxf6 Qe7 26. Re1 Ne8 27.
Rh6 Qg5 28. e5 Nc7 29. Rd6+ Ke7 30. Qd8+ Kf7 31. Qxg5 Ne8 32. Rf1+ Nf6 33.
Rfxf6+ Ke7 34. Qg7+ Ke8 35. Rf8# 1-0

[Event "Challenge"]
[Site "http://www.queenalice.com/game.php?id=239328"]
[Date "2007.7.13"]
[Round "-"]
[White "fariagon"]
[Black "micose_kacinskas"]
[Result "1-0"]
[WhiteElo "1305"]
[BlackElo "1401"]

1. e4 e5 2. d4 exd4 3. Qxd4 Nc6 4. Qd1 Nf6 5. Nc3 Bc5 6. Be3 d6 7. Bb5 O-O 8.
Nf3 a6 9. Bc4 Be6 10. Nd5 Nxe4 11. Nd4 b5 12. Nxc6 Qd7 13. Nce7+ Kh8 14. Bb3 c6
15. Nb6 Qxe7 16. Nxa8 Rxa8 17. O-O a5 18. a4 b4 19. Qf3 Ng5 20. Qxc6 Rc8 21. Qb5
Bd7 22. Qxa5 Bc6 23. Rfe1 h5 24. Bxc5 dxc5 25. Rxe7 Ra8 26. Qc7 Be4 27. f3 Bf5
28. f4 Ne4 29. Rxf7 Rc8 30. Qe7 Kh7 31. Rxf5 Rg8 32. Bxg8+ Kg6 33. Qe6+ Nf6 34.
Bf7+ Kh6 35. Rxh5# 1-0

[Event "Challenge"]
[Site "http://www.queenalice.com/game.php?id=240512"]
[Date "2007.7.16"]
[Round "-"]
[White "Augustodombosco"]
[Black "micose_kacinskas"]
[Result "0-1"]
[WhiteElo "1071"]
[BlackElo "1397"]

1. e4 e5 2. Nf3 d6 3. Bc4 Be6 4. d3 Nf6 5. Bg5 h6 6. Bh4 c5 7. Nc3 Qa5 8. O-O
Nc6 9. Bxe6 fxe6 10. Re1 Ng4 11. h3 g5 12. hxg4 gxh4 13. Nxh4 Nd4 14. Ne2 Rg8
15. Ng3 Be7 16. Nf3 c4 17. dxc4 Qc5 18. b3 Rxg4 19. Qd2 Nxf3+ 20. Kh1 Rh4# 0-1

[Event "Challenge"]
[Site "http://www.queenalice.com/game.php?id=245464"]
[Date "2007.7.25"]
[Round "-"]
[White "Augustodombosco"]
[Black "micose_kacinskas"]
[Result "1-0"]
[WhiteElo "1176"]
[BlackElo "1371"]

1. e4 e5 2. Nf3 d6 3. Nc3 Nf6 4. Bc4 Be6 5. Bxe6 fxe6 6. d3 c6 7. Bg5 Be7 8. Qd2
h6 9. Bh4 d5 10. O-O-O O-O 11. g4 d4 12. Ne2 Nxg4 13. Bxe7 Qxe7 14. Rhg1 h5 15.
h3 Nxf2 16. Rdf1 Qh4 17. Nxh4 Nxh3 18. Rxf8+ Kxf8 19. Rg3 g5 20. Rxh3 gxh4 21.
Rxh4 Na6 22. Rxh5 Ke7 23. Rxe5 1-0

[Event "Challenge"]
[Site "http://www.queenalice.com/game.php?id=246181"]
[Date "2007.7.26"]
[Round "-"]
[White "micose_kacinskas"]
[Black "jahhaj"]
[Result "0-1"]
[WhiteElo "1393"]
[BlackElo "1911"]

1. e4 e6 2. Nf3 d5 3. e5 c5 4. Bb5+ Bd7 5. Na3 Nc6 6. c3 Nh6 7. O-O Be7 8. Re1
O-O 9. d3 Nf5 10. Be3 Qc7 11. Bxc6 Bxc6 12. Bg5 Bxg5 13. Nxg5 h6 14. Nf3 d4 15.
c4 a6 16. Qd2 Bxf3 17. gxf3 Qc6 18. Re4 g5 19. Qe2 Nh4 20. f4 f5 21. Qh5 fxe4
22. dxe4 Qxe4 23. Qg4 Nf3+ 24. Kf1 Nxh2+ 25. Kg1 Nxg4 26. f3 Qxf3 27. Rf1 Qg3+
28. Kh1 Qh2# 0-1

[Event "Challenge"]
[Site "http://www.queenalice.com/game.php?id=247504"]
[Date "2007.7.28"]
[Round "-"]
[White "MOSKY"]
[Black "micose_kacinskas"]
[Result "1-0"]
[WhiteElo "1471"]
[BlackElo "1346"]

1. d4 d5 2. Nf3 Bf5 3. Bf4 Nc6 4. a3 e6 5. Nc3 h6 6. Nb5 Bd6 7. Nxd6+ cxd6 8. c3
Nf6 9. Rc1 Qa5 10. Bxd6 Ne4 11. Bf4 g5 12. Be3 Qb5 13. b4 Qc4 14. Nd2 Nxd2 15.
Bxd2 e5 16. e4 Qa2 17. exf5 O-O-O 18. b5 1-0

[Event "Challenge"]
[Site "http://www.queenalice.com/game.php?id=247565"]
[Date "2007.7.29"]
[Round "-"]
[White "ROLAND"]
[Black "micose_kacinskas"]
[Result "1-0"]
[WhiteElo "1405"]
[BlackElo "1335"]

1. Nc3 e5 2. Nf3 e4 3. Nxe4 d5 4. Neg5 h6 5. Nh3 Bc5 6. d4 Bb6 7. c3 Nf6 8. Nf4
Ne4 9. Nh5 Qh4 10. Nxh4 O-O 11. e3 c5 12. Qf3 cxd4 13. exd4 g5 14. Bd3 Re8 15.
Nf6+ 1-0